İçeriği atla

Связи с общественностью в экономике учебное пособие (спец. 060800)

Содержит развернутую характеристику активно формирующейся отрасли современной социальной инженерии — способов создания положительного образа коммерческих организаций. Связи с общественностью для частной фирмы рассматриваются как форма комплексного взаимодействия коммерческой организации с потребител...

Ful tanımlama

Kaydedildi:
Detaylı Bibliyografya
Yazar: Гусев К. А.
Materyal Türü: Книга
Dil:Russian
Baskı/Yayın Bilgisi: Санкт-Петербург СПбГУТ им. М.А. Бонч-Бруевича 2003
Konular:
Online Erişim:https://e.lanbook.com/book/381821
https://e.lanbook.com/img/cover/book/381821.jpg
Etiketler: Etiketle
Etiket eklenmemiş, İlk siz ekleyin!
LEADER 02379nam0a2200325 i 4500
001 381821
003 RuSpLAN
005 20240216150951.0
008 240216s2003 ru gs 000 0 rus
040 |a RuSpLAN 
041 0 |a rus 
044 |a ru 
080 |a 33 
245 0 0 |a Связи с общественностью в экономике  |b учебное пособие (спец. 060800)  |c Гусев К. А. 
260 |a Санкт-Петербург  |b СПбГУТ им. М.А. Бонч-Бруевича  |c 2003 
300 |a 119 с. 
504 |a Библиогр.: доступна в карточке книги, на сайте ЭБС Лань 
520 8 |a Содержит развернутую характеристику активно формирующейся отрасли современной социальной инженерии — способов создания положительного образа коммерческих организаций. Связи с общественностью для частной фирмы рассматриваются как форма комплексного взаимодействия коммерческой организации с потребителями, партнерами, инвесторами, гражданским обществом, властными структурами. Основой диалога корпораций с обществом является, по мнению автора, признание формирующимся российским бизнес-сообществом решающей роли социальной ответственности деловых кругов. 
521 8 |a Книга из коллекции СПбГУТ им. М.А. Бонч-Бруевича - Экономика и менеджмент 
521 8 |a СЭБ 
653 0 |a история паблик рилейшнз 
653 0 |a экономика предприятия 
653 0 |a маркетинговые стратегии 
653 0 |a корпоративная структура 
653 0 |a деловое общение 
653 0 |a 080502 
100 1 |a Гусев К. А. 
856 4 |u https://e.lanbook.com/book/381821 
856 4 8 |u https://e.lanbook.com/img/cover/book/381821.jpg 
953 |a https://e.lanbook.com/img/cover/book/381821.jpg